000 01289nam a22002777a 4500
001 8746
003 FISKH
005 20251016144223.0
008 251016b cb ||||| |||| 00| 0 eng d
020 _a9780194790802
040 _aFISKH
_beng
_cFISKH
_dFISKH
050 _aPE1126.A4 B37678
082 _a428.6
100 _aBassett, Jennifer
_eAuthor
245 _aLove among the Haystacks /
_cRetold by Jennifer Bassett ; Illustrated by Bob Harvey
260 _aNew York :
_bOxford University ,
_c2004
300 _a56 pages :
_billustrations ;
_c20 cm
505 _aJ
520 _aIt is hay-making time on the Wookey farm. Two brothers are building the haystack, but thinking about other things - about young women, and love. There are angry words, and then a fight between the brothers. But the work goes on, visitors come and go, and the long hot summer day slowly turns to evening. Then the sun goes down, covering the world with a carpet of darkness. From the hedges around the hayfield comes the rich, sweet smell of wild flowers, and the hay will make a fine, soft bed . . .
521 8 _a530
_bLexile
521 8 _aJ
_bRaz-Plus
650 _aAdults& young adults fiction
_vBrothers
700 _aHarvey, Bob
_eIllustrator
942 _2ddc
_cBK
_n0
999 _c8746
_d8746